000 00852 a2200253 4500
005 20260102163648.0
008 260102b |||||||| |||| 00| 0 eng d
020 _a978-1-5261-6733-0
037 _cTB
040 _aCRL
_cCRL
084 _aO111:g(V:17) R4
_qCRL
100 _aDelahaye, Agnes
_9847087
245 _aAgents of European overseas empires:
_b private colonisers, 1450-1800
260 _bManchester University Press
_c2024
300 _a262p.
365 _b90.00
_cUKP
650 _2English Literature
650 _2colonises
700 _aElodie Peyrol-Kleiber
_eEditor
_9861569
700 _aRoper L.H.
_eEditor
_9861570
700 _aRuymbeke Van
_eEditor
_9861571
942 _cTB
_2CC
_n0
_hO111:g(V:17) R4
999 _c1464389
_d1464389